| 000 | 00498nam a2200193Ia 4500 | ||
|---|---|---|---|
| 003 | 0100 | ||
| 008 | 130303s9999 xx 000 0 und d | ||
| 040 | _cARRUPELIB | ||
| 050 | _aJC 578.R383W64 1977 | ||
| 100 | _aWolff, Robert Paul | ||
| 245 | _aUnderstanding Rawls | ||
| 245 | _bA reconstruction and critique of a theory of justice | ||
| 260 | _aPrinceton, New Jersey | ||
| 260 | _bPrinceton, University Press | ||
| 260 | _C1977 | ||
| 300 | _ax | ||
| 300 | _b 224p. 22cm. | ||
| 942 | 0 | 0 | _02 |
| 999 |
_c28574 _d28574 |
||